| 000 | 01036cam a2200265 4500 | ||
|---|---|---|---|
| 002 | 7593 | ||
| 008 | 040705n2004 000 0 eng u | ||
| 020 | _a0750659343 | ||
| 035 | _a(Sirsi) u126692 | ||
| 041 | _aeng. | ||
| 050 |
_a711.52 _c18 |
||
| 100 | _aWalters, D. | ||
| 245 |
_aDesign first _bdesign based planning for communities. |
||
| 260 |
_aOxford _bButterworth-Heinemann _c2004 |
||
| 300 |
_ax, 276p. _bill. _c25cm. |
||
| 350 | _a29.99 | ||
| 520 | _aAimed at architects, planners, developers and students. This book uses case studies from the author's professional projects to demonstrate how theory can be turned into effective practice, using concepts of traditional urban form to solve contemporary planning and design issues. An US text with some reference to UK projects. | ||
| 650 | _aDEVELOPERS | ||
| 650 | _aPUBLIC SPACE | ||
| 650 | _aURBAN REGENERATION | ||
| 650 | _aMIXED-USE DEVELOPMENTS | ||
| 690 | _aENVIRONMENTAL AND LAND CONSULTANCY-PLANNING AND DEVELOPMENT | ||
| 700 | _aBrown, L. | ||
| 942 | _n0 | ||
| 999 |
_c103633 _d103633 |
||